|
|
|
|
| LEADER |
01160cam a2200265 i 4500 |
| 001 |
13840598 |
| 003 |
GR-PaULI |
| 005 |
20220125120353.0 |
| 007 |
co ||||||||||| |
| 008 |
220125r19861926ne 000 0 ger d |
| 952 |
|
|
|0 0
|1 0
|2 ddc
|4 0
|6 884_000000000000000_JAC
|7 0
|9 355011
|a THST
|b THST
|d 2022-01-25
|i 001065
|l 0
|o 884 JAC
|p 025000014943
|r 2022-01-25 00:00:00
|t 1
|w 2022-01-25
|y BKN
|
| 952 |
|
|
|0 0
|1 0
|2 ddc
|4 0
|6 884_000000000000000_JAC
|7 0
|9 355012
|a THST
|b THST
|d 2022-01-25
|i 001067
|l 0
|o 884 JAC
|p 025000014937
|r 2022-01-25 00:00:00
|t 2
|w 2022-01-25
|y BKN
|
| 999 |
|
|
|c 208072
|d 208072
|
| 020 |
|
|
|a 900408177
|
| 020 |
|
|
|a 9004081801
|
| 040 |
|
|
|a GR-PaULI
|c gre
|d GR-PaULI
|e AACR2
|
| 082 |
0 |
4 |
|a 884
|2 23
|
| 100 |
1 |
|
|a Jacoby, Felix,
|d 1876-1959.
|e συγγραφέας
|
| 245 |
1 |
4 |
|a Die Fragmente der griechischen Historiker.
|n Zweiter teil,
|p Zeitgeschichte.
|n B,
|b Spezialgechichten, autobiographien und memoiren, zeittafeln /
|c von Felix Jacoby.
|
| 260 |
|
|
|a Leiden :
|b Brill,
|c 1986.
|
| 300 |
|
|
|a X, [509]-1257 σ. ;
|c 24 εκ.
|
| 500 |
|
|
|a Photomechanischer nachdruck.
|
| 651 |
|
4 |
|9 254
|a Ελλάδα
|x Ιστορία, Αρχαία
|
| 942 |
|
|
|2 ddc
|c BKN
|
| 998 |
|
|
|c ΜΑΝΙΑ
|d 2022-01
|